00469nam a2200133Ia 4500008004100000024004800041082001600089100007000105245005000175260002600225600003400251650003300285999001700318260210s9999 xx 000 0 und d a07A-034-TE, 07A-061-TE & 08B-061-TE a635.072 QUR aZain Hussain Qureshi, Syed Sherjeel Hussain & Shaikh Sharjeel 0aMonitor and Control of Greenhouse Environment aKarachi:bUITU,c2008 aTelecommunication Engineering aBachelor of Engineering (BE) c33576d33576